=LDR 00000nam 2200000 4500 =001 INLIS000000000024080 =005 20130612122705 =008 ***********************************Ind** =035 ##$$0010-061300000024080 =041 ##$$a Ind =082 ##$$a 345.01 =090 ##$$a 345.01, Sch h =100 ##$$a Schaffmeister, D =245 ##$$a Kehawatiran masa kini, Pemikiran mengenai hukum pidana lingkungan dalam teoro, D. Schaffmeister =260 ##$$a 1999 $b Bandung =300 ##$$a 527 hlm, 22 cm =650 ##$$a Hukum pidana - Filsafat dan teori =850 ##$$a NBPNMAT